| 000 | 01845cam a2200457 a 4500 | ||
|---|---|---|---|
| 001 | 8682348 | ||
| 003 | OSt | ||
| 005 | 20211101111251.0 | ||
| 006 | m d | ||
| 007 | cr n | ||
| 008 | 090408s2010 fluab sb 001 0 eng d | ||
| 015 |
_aGBA945129 _2bnb |
||
| 016 | 7 |
_a015175510 _2Uk |
|
| 020 | _a9781420075663 (hardcover : alk. paper) | ||
| 035 | _a(WaSeSS)ssj0000248281 | ||
| 038 | _akhadija | ||
| 040 |
_aDLC _cDLC _dBTCTA _dBAKER _dYDXCP _dUKM _dC#P _dOCLCA _dBWX _dCDX _dDLC _dWaSeSS |
||
| 050 | 4 |
_aTJ810 _b.S4897 2010 |
|
| 082 | 0 | 0 |
_a621.47 _222 _bFOS |
| 100 | 1 |
_aFoster, Robert, _d1962 April 25- _983595 |
|
| 210 | 1 | 0 | _aSolar energy:Renewable Energy & Environment |
| 245 | 1 | 0 |
_aSolar energy: _brenewable energy and the environment / _cRobert Foster, Majid Ghassemi, Alma Cota. |
| 260 |
_aBoca Raton : _bCRC Press, _cc2010. |
||
| 490 | 1 | _aEnergy and the environment | |
| 504 | _aIncludes bibliographical references and index. | ||
| 506 | _aLicense restrictions may limit access. | ||
| 563 | _aHardcover | ||
| 650 | 0 | _aSolar energy. | |
| 650 | 0 |
_aRenewable energy sources _xEnvironmental aspects. _983596 |
|
| 700 | 1 |
_aGhassemi, Majid, _d1960- _983597 |
|
| 700 | 1 |
_aCota, Alma, _d1972- _983598 |
|
| 773 | 0 | _tENGnetBASE | |
| 773 | 0 | _tELECTRICALENGINEERINGnetBASE | |
| 773 | 0 | _tMECHANICALENGINEERINGnetBASE | |
| 830 | 0 |
_aEnergy and the environment (Boca Raton, Fla.) _93448 |
|
| 856 | 4 | 0 |
_uhttp://www.columbia.edu/cgi-bin/cul/resolve?clio8682348.001 _zFull text available from ELECTRICALENGINEERINGnetBASE |
| 856 | 4 | 0 |
_uhttp://www.columbia.edu/cgi-bin/cul/resolve?clio8682348.002 _zFull text available from ENGnetBASE |
| 856 | 4 | 0 |
_uhttp://www.columbia.edu/cgi-bin/cul/resolve?clio8682348.003 _zFull text available from MECHANICALENGINEERINGnetBASE |
| 910 | _aLibrary of Congress record | ||
| 942 |
_2ddc _cBK |
||
| 999 |
_c33000 _d33000 |
||